| 000 | 00491 a2200157 4500 | ||
|---|---|---|---|
| 003 | NUST | ||
| 005 | 20230131135202.0 | ||
| 040 | _cNust | ||
| 082 | _a941,BUC | ||
| 100 |
_aBuchan, John _911826 |
||
| 245 |
_aOliver Cromwell / _cJohn Buchan |
||
| 260 |
_aLondon _bHodder _c1936 |
||
| 300 | _a554 P.; | ||
| 505 | _aThe Countryman (Page-19), The Cavalry Commander (Page-133), The King Breaker (Page-229), The Lord General (Page-323), The Prince (Page-429). | ||
| 942 |
_2ddc _cBK _k941,BUC |
||
| 999 |
_c193989 _d193989 |
||